| 000 | 00998nam a2200277 c 4500 | ||
|---|---|---|---|
| 999 |
_c342215 _d342215 |
||
| 003 | BLK | ||
| 005 | 20210811030706.0 | ||
| 008 | 180911b bul|||||r ||||||| ||bul|| | ||
| 010 | _a001854 | ||
| 040 | _aBLK | ||
| 041 |
_aBUL _cBUL |
||
| 080 | _z949.7 | ||
| 100 | 1 |
_aПАВЛОВ, Тихомир _eпърви автор _9398433 |
|
| 245 | 0 | 0 | _aСърбизмът и българщината на Балканите |
| 260 |
_aСофия _bкръжок Отбрана _c1933 |
||
| 300 |
_a58 с _c21 см |
||
| 380 | _a9 | ||
| 490 |
_aЧастна колекция - Академик Михаил Арнаудов _gДарение - Основен фонд |
||
| 500 | _aАвтограф с текст: Г. проф. д-р М. Арнаудов с уважение Тих. Павлов 1/ХI 33 Соф. | ||
| 650 |
_aБалкански страни _9406894 |
||
| 650 |
_aБалкански страни _9406894 |
||
| 655 |
_aистория _9396557 |
||
| 700 | 1 |
_aТихомир Павлов _9406895 |
|
| 852 |
_aМА 2613 _bМА |
||
| 942 |
_cKNG _n0 _s1 |
||
| 944 |
_aCR _c1997 _kGGG |
||
| 999 | _d342215 | ||